Rus-Türk-Ermeni münasebetleri (Record no. 5298)

MARC details
000 -BAŞLIK
Sabit Uzunlukta Kontrol Alanı 00896na a2200289 4500
001 - KONTROL NUMARASI
Denetim Alanı 14686
003 - KONTROL NUMARASI IDENTIFIER
Denetim Alanı MIRAKIL
005 - SON İŞLEM TARİHİ VE ZAMANI
Denetim Alanı 20181213155032.0
008 - SABİT-BOY VERİ ELEMANLARI - GENEL BİLGİLER
Sabit Uzunlukta Kontrol Alanı 161025b tu 000 0
020 ## - ULUSLARARASI STANDART KİTAP NUMARASI
Uluslararası Standart Kitap Numarası 9757721042
035 ## - SİSTEM KONTROL NUMARASI
Sistem Kontrol Numarası 14686
040 ## - KATALOGLAMA KAYNAK
Orijinal Kataloglama Ajansı Milas
Kataloglama Dili tur
Metne Dönüştürmek Ajansı TR-AnCHP
041 ## - DİL KODU
Metin / Ses Parça Veya Ayrı Başlığın Dil Kodu tur
082 ## - DEWEY ONLU SINIFLANDIRMA NUMARASI
Sınıflandırma Numarası 327.561047
Ürün Numarası Y44r 1990
090 ## - SINIFLAMA NUMARASI
Sınıflama Numarası 327.561047 Y44r 1990
100 ## - ANA GİRİŞ - KİŞİSEL İSİM
Kişisel Ad Yıldırım, Hüsamettin
245 ## - BAŞLIK TABLOSU
Başlık Rus-Türk-Ermeni münasebetleri
Başlığın Kalan (1914-1918)
Sorumluluk Tablosu, Vb Hüsamettin Yıldırım
260 ## - YAYIN, DAĞITIM, VB
Yayın, Dağıtım, Vb Yeri Ankara
Yayıncı, Dağıtıcı, Vs Adı Kök Yayınları
Yayın, Dağıtım, Vb Tarihi 1990
300 ## - FİZİKSEL TANIM
Kapsam xvi, 133 s.
Diğer Fiziksel Ayrıntıları hrt.
Boyutlar 23 sm.
490 ## - SERİSİ TABLOSU
Seri Beyanı Kök Sosyal ve Stratejik Araştırmalar serisi
Hacim / Ardışık Tanımı 6
504 ## - KAYNAKÇA VB NOT
Kaynakça Vb Notu Kaynakça ve dizin var.
651 ## - KONU KATMA GİRİŞ - COĞRAFİ ADI
Coğrafi İsim Ermeniler
Genel Alt Bölümü Tarih
651 ## - KONU KATMA GİRİŞ - COĞRAFİ ADI
Coğrafi İsim Türkiye
Genel Alt Bölümü Uluslararası ilişkiler
Coğrafi Alt Bölümü Ermenistan
651 ## - KONU KATMA GİRİŞ - COĞRAFİ ADI
Coğrafi İsim Türkiye
Genel Alt Bölümü Uluslararası ilişkiler
Coğrafi Alt Bölümü Rusya
942 ## - EKLENDİ GİRİŞ ELEMANLARI (KOHA)
Sınıflandırma Veya Raf Düzeni Kaynak Dewey Decimal Classification
Koha Öğesi Türü Books
999 ## - SİSTEM KONTROL NUMARALARI (KOHA)
Koha Biblionumber 5298
Koha Biblioitemnumber 5298
657 ## - INDEX SÜRE - İŞLEVİ
-- Dünya tarihi
-- Ermeniler
Holdings
Kalıcı Konum Mevcut Konum Edinme Tarihi Edinim Kaynak Toplam Check-Out'Lar Tam Çağrı Numarası Barkod Tarih Son Görülme İtibaren Geçerli Fiyatlar Koha Öğesi Türü
CHP Kütüphanesi CHP Kütüphanesi 08/30/2016 Bağış   327.561047 Y44r 1990 001477 08/30/2016 08/30/2016 Books